[Event "CYCC U14"]
[Site "Windsor CAN"]
[Date "2016.07.08"]
[Round "6.35"]
[White "De Costa, Alex"]
[Black "Li, Yang"]
[Result "1-0"]
[WhiteElo "1786"]
[BlackElo "1075"]
[PlyCount "127"]
[EventDate "2016.07.05"]
[EventType "swiss"]
[EventRounds "7"]
[EventCountry "CAN"]

1. e4 e5 2. Nf3 Nc6 3. Bb5 Nf6 4. d3 d6 5. c3 h6 6. Nbd2 a6 7. Ba4 Be7 8. O-O
O-O 9. Re1 Re8 10. Nf1 Bg4 11. h3 Bxf3 12. Qxf3 Qd7 13. Ng3 Nd4 14. Qd1 b5 15.
Bc2 Nxc2 16. Qxc2 d5 17. Nf5 dxe4 18. Nxe7+ Rxe7 19. dxe4 Rd8 20. Be3 Qd3 21.
Qxd3 Rxd3 22. f3 Nd7 23. Rad1 Rd6 24. Rxd6 cxd6 25. Rd1 Re6 26. a4 bxa4 27. Ra1
Nc5 28. Bxc5 dxc5 29. Rxa4 Kf8 30. Rc4 Rb6 31. Rxc5 Rxb2 32. Rxe5 Ra2 33. c4 a5
34. c5 a4 35. c6 Rc2 36. Ra5 Rc4 37. c7 Ke7 38. Rxa4 Rxc7 39. Ra2 f6 40. Kf2
Kd6 41. Rd2+ Ke5 42. Rd5+ Ke6 43. Kg3 Rd7 44. Rxd7 Kxd7 45. Kf4 Ke6 46. Ke3 Kd6
47. Kd4 Ke6 48. f4 g6 49. e5 fxe5+ 50. fxe5 h5 51. h4 Kd7 52. Kd5 Ke7 53. e6
Ke8 54. Kd6 g5 55. hxg5 h4 56. e7 h3 57. gxh3 Kf7 58. Kd7 Kg7 59. e8=Q Kh7 60.
Ke6 Kg7 61. Kf5 Kh7 62. g6+ Kg7 63. Qf7+ Kh8 64. Qh7# 1-0

[Event "CYCC U14"]
[Site "Windsor CAN"]
[Date "2016.07.08"]
[Round "6.37"]
[White "Hou, Frank"]
[Black "Kuo, Webster"]
[Result "1-0"]
[WhiteElo "1273"]
[BlackElo "594"]
[PlyCount "81"]
[EventDate "2016.07.05"]
[EventType "swiss"]
[EventRounds "7"]
[EventCountry "CAN"]

1. e4 e5 2. Nf3 Nc6 3. Bb5 d6 4. O-O Nf6 5. d3 g6 6. h3 Bg7 7. Be3 O-O 8. Qd2
a6 9. Bc4 b5 10. Bb3 h6 11. Bxh6 Bxh6 12. Qxh6 Qe7 13. Nc3 Nb4 14. a3 Nc6 15.
Nd5 Qd8 16. Ng5 Re8 17. Nxf6+ Qxf6 18. Bxf7+ Qxf7 19. Nxf7 Kxf7 20. Qh7+ Kf8
21. Qxg6 Re6 22. Qg5 Ke8 23. Qg8+ Kd7 24. h4 Bb7 25. Qg4 Rh8 26. g3 Kc8 27.
Qxe6+ Kb8 28. h5 Bc8 29. Qg6 Ne7 30. Qf6 Re8 31. h6 Ng8 32. Qg6 Ne7 33. Qxe8
Nc6 34. Qxc6 Bb7 35. Qe8+ Bc8 36. h7 d5 37. h8=Q dxe4 38. Qc6 exd3 39. Qxe5 Bb7
40. Qexc7+ Ka8 41. Q6xb7# 1-0

[Event "CYCC U14"]
[Site "Windsor CAN"]
[Date "2016.07.08"]
[Round "6.39"]
[White "Fox, Dylan"]
[Black "Jeyakumar, Yathushan"]
[Result "1-0"]
[WhiteElo "1252"]
[BlackElo "1261"]
[PlyCount "61"]
[EventDate "2016.07.05"]
[EventType "swiss"]
[EventRounds "7"]
[EventCountry "CAN"]

1. e4 c5 2. c3 Nf6 3. e5 Nd5 4. d4 e6 5. Nf3 Nc6 6. Bd3 Be7 7. a3 Qb6 8. Bc2 a5
9. O-O f6 10. Re1 Qc7 11. Qd3 Nd8 12. c4 Nb6 13. Bf4 cxd4 14. exf6 Qxf4 15.
fxg7 Qf6 16. gxh8=Q+ Qxh8 17. Nbd2 h5 18. Qg6+ Nf7 19. Ne5 Qf6 20. Qg8+ Bf8 21.
Nxf7 Ke7 22. Ne5 Bg7 23. Ng6+ Kd6 24. Ne4+ Kc7 25. Nxf6 Bxf6 26. Qf8 Bg5 27.
Qc5+ Kb8 28. Qxb6 Ra6 29. Qxd4 d6 30. c5 d5 31. Qe5+ 1-0

[Event "CYCC U14"]
[Site "Windsor CAN"]
[Date "2016.07.08"]
[Round "6.41"]
[White "Zaid, Shahmeer"]
[Black "Periappuram, Jacob"]
[Result "1/2-1/2"]
[WhiteElo "745"]
[BlackElo "635"]
[PlyCount "66"]
[EventDate "2016.07.05"]
[EventType "swiss"]
[EventRounds "7"]
[EventCountry "CAN"]

1. e4 e5 2. Nf3 Nc6 3. Bc4 Bc5 4. Nc3 Nf6 5. d3 O-O 6. O-O d6 7. h3 Be6 8. Bb5
a6 9. Bxc6 bxc6 10. Na4 Ba7 11. c4 Qe7 12. Nc3 d5 13. Nxe5 Qd6 14. Nf3 dxe4 15.
dxe4 Qc5 16. b3 Rfd8 17. Qc2 Rd7 18. e5 Nh5 19. Ng5 g6 20. Nxe6 fxe6 21. Bh6
Qxe5 22. Rfe1 Qg3 23. Ne4 Qe5 24. Ng5 Qf5 25. Qxf5 gxf5 26. Rxe6 Rad8 27. Kh2
Rd2 28. Rae1 Ng7 29. Re7 R2d7 30. Rxg7+ Rxg7 31. Ne6 Re8 32. Bxg7 Kf7 33. Bd4
Bxd4 1/2-1/2

[Event "CYCC U14"]
[Site "Windsor CAN"]
[Date "2016.07.08"]
[Round "7.20"]
[White "Hua, Eugene"]
[Black "Liang, Hairan"]
[Result "1-0"]
[WhiteElo "2201"]
[BlackElo "2182"]
[PlyCount "113"]
[EventDate "2016.07.05"]
[EventType "swiss"]
[EventRounds "7"]
[EventCountry "CAN"]

1. c4 c5 2. Nc3 Nc6 3. g3 g6 4. Bg2 Bg7 5. Nf3 e5 6. O-O Nge7 7. Ne1 O-O 8. Nc2
d6 9. a3 Be6 10. Ne3 Rb8 11. Rb1 a6 12. b4 cxb4 13. axb4 b5 14. cxb5 axb5 15.
Ned5 Nxd5 16. Bxd5 Bxd5 17. Nxd5 Ne7 18. Qb3 Nxd5 19. Qxd5 Qb6 20. d3 Rfc8 21.
Be3 Qc6 22. Qxc6 Rxc6 23. Rfc1 Rxc1+ 24. Rxc1 Kf8 25. Rc7 Ke8 26. Ba7 Rd8 27.
Rb7 Rd7 28. Rb8+ Ke7 29. Be3 Rc7 30. Rxb5 Kd7 31. Ra5 Rb7 32. b5 Bf6 33. Ra7
Kc8 34. Kg2 Rxa7 35. Bxa7 Kb7 36. Be3 Be7 37. f4 f6 38. fxe5 fxe5 39. Kf3 d5
40. Bf2 h5 41. g4 h4 42. g5 Bxg5 43. Kg4 Bf4 44. h3 g5 45. e3 Bh2 46. Kf3 Kb6
47. Kg2 Bg3 48. Bxg3 hxg3 49. Kxg3 Kxb5 50. Kg4 Kb4 51. Kxg5 Kc3 52. h4 Kxd3
53. h5 Kxe3 54. h6 d4 55. h7 d3 56. h8=Q e4 57. Qh1 1-0

[Event "CYCC U14"]
[Site "Windsor CAN"]
[Date "2016.07.08"]
[Round "7.22"]
[White "Doknjas, Joshua"]
[Black "Zhang, Henry"]
[Result "1-0"]
[WhiteElo "2201"]
[BlackElo "2113"]
[PlyCount "39"]
[EventDate "2016.07.05"]
[EventType "swiss"]
[EventRounds "7"]
[EventCountry "CAN"]

1. e4 c5 2. Nf3 e6 3. c3 b6 4. d4 Bb7 5. Bd3 Nf6 6. Qe2 cxd4 7. cxd4 Bb4+ 8.
Bd2 Bxd2+ 9. Nbxd2 O-O 10. O-O Nc6 11. a3 d6 12. b4 Ne7 13. e5 dxe5 14. dxe5
Nfd5 15. Bxh7+ Kxh7 16. Ng5+ Kh6 17. Qg4 Nf5 18. Nde4 Nf4 19. Qxf4 Bxe4 20.
Nxf7+ 1-0

[Event "CYCC U14"]
[Site "Windsor CAN"]
[Date "2016.07.08"]
[Round "7.23"]
[White "Sivapathasundaram, Manojh"]
[Black "Cai, Jason"]
[Result "1/2-1/2"]
[WhiteElo "1937"]
[BlackElo "2185"]
[PlyCount "68"]
[EventDate "2016.07.05"]
[EventType "swiss"]
[EventRounds "7"]
[EventCountry "CAN"]

1. d4 Nf6 2. c4 e6 3. Nc3 Bb4 4. e3 O-O 5. Bd3 d5 6. Nf3 c5 7. O-O cxd4 8. exd4
dxc4 9. Bxc4 b6 10. Bg5 Bb7 11. Re1 Nbd7 12. Rc1 Rc8 13. Qb3 Bxc3 14. Rxc3 Bd5
15. Ne5 Bxc4 16. Rxc4 Rxc4 17. Qxc4 h6 18. Nxd7 Qxd7 19. Bxf6 gxf6 20. Rd1 Rd8
21. h3 Qd5 22. Qxd5 Rxd5 23. Kf1 e5 24. Ke2 exd4 25. Kd3 Kf8 26. Ke4 Re5+ 27.
Kf3 Rf5+ 28. Ke2 Rd5 29. Rd2 Ke7 30. Kd3 Kd6 31. a4 a6 32. g4 Ra5 33. b3 Rd5
34. Ke4 Re5+ 1/2-1/2

[Event "CYCC U14"]
[Site "Windsor CAN"]
[Date "2016.07.08"]
[Round "7.24"]
[White "Gaisinsky, Adam"]
[Black "Liu, Lambert"]
[Result "1-0"]
[WhiteElo "1913"]
[BlackElo "1993"]
[PlyCount "91"]
[EventDate "2016.07.05"]
[EventType "swiss"]
[EventRounds "7"]
[EventCountry "CAN"]

1. e4 c5 2. Nf3 g6 3. d4 cxd4 4. Nxd4 Nc6 5. c4 Nf6 6. Nc3 d6 7. Be2 Nxd4 8.
Qxd4 Bg7 9. Be3 O-O 10. Qd1 Be6 11. Rc1 Qa5 12. O-O Rfc8 13. b3 Bd7 14. f3 Bc6
15. Nd5 Nxd5 16. cxd5 Bd7 17. Qd2 Qxd2 18. Bxd2 Bd4+ 19. Kh1 Bb2 20. Rxc8+ Rxc8
21. Bd3 a6 22. h3 Ba3 23. Rf2 Bb5 24. Bxb5 axb5 25. Be3 Bc1 26. Bxc1 Rxc1+ 27.
Kh2 b4 28. Rd2 Kg7 29. Rd4 Rc2 30. Rxb4 Rc7 31. Rc4 Rd7 32. Kg3 Kf6 33. f4 e5
34. dxe6 fxe6 35. Kf3 h5 36. a4 d5 37. e5+ Ke7 38. Rc8 Kf7 39. Ke3 Kg7 40. g4
hxg4 41. hxg4 Re7 42. Kd4 Rf7 43. Ke3 Re7 44. b4 Rd7 45. b5 Re7 46. b6 1-0

[Event "CYCC U14"]
[Site "Windsor CAN"]
[Date "2016.07.08"]
[Round "7.25"]
[White "Chung, Alec"]
[Black "Bu, Kevin"]
[Result "0-1"]
[WhiteElo "1653"]
[BlackElo "1916"]
[PlyCount "90"]
[EventDate "2016.07.05"]
[EventType "swiss"]
[EventRounds "7"]
[EventCountry "CAN"]

1. c4 e5 2. Nc3 Nf6 3. g3 g6 4. Bg2 d6 5. e4 Bg7 6. Nge2 Be6 7. d3 Nc6 8. O-O
O-O 9. h3 Qd7 10. Kh2 Ne8 11. Be3 f5 12. Qd2 Nf6 13. f3 Nh5 14. f4 Nd4 15. Rab1
c6 16. b4 Nxe2 17. Nxe2 fxe4 18. d4 exf4 19. Nxf4 Nxf4 20. Rxf4 Rxf4 21. Bxf4
Bxc4 22. Bxe4 Re8 23. Bf3 Be6 24. h4 d5 25. Re1 Bf5 26. Rxe8+ Qxe8 27. Qe3 Qxe3
28. Bxe3 Kf7 29. g4 Be4 30. Be2 Bf8 31. a3 Bd6+ 32. Kh3 Bc2 33. Bd2 Bb3 34. Be3
Bc4 35. Bxc4 dxc4 36. Bd2 Ke6 37. h5 Kd5 38. Bc3 Bf4 39. hxg6 hxg6 40. Kh4 Be3
41. Bb2 Bxd4 42. Bc1 Ke4 43. Kg5 Be3+ 44. Bxe3 Kxe3 45. Kxg6 c3 0-1

[Event "CYCC U14"]
[Site "Windsor CAN"]
[Date "2016.07.08"]
[Round "7.26"]
[White "Wang, Jeff"]
[Black "Surya, Benito"]
[Result "0-1"]
[WhiteElo "1920"]
[BlackElo "2001"]
[PlyCount "56"]
[EventDate "2016.07.05"]
[EventType "swiss"]
[EventRounds "7"]
[EventCountry "CAN"]

1. e4 d5 2. exd5 Qxd5 3. Nc3 Qa5 4. d4 Nf6 5. Nf3 Bg4 6. h3 Bh5 7. g4 Bg6 8.
Ne5 e6 9. Nc4 Qa6 10. Bf4 Qc6 11. Rg1 Bb4 12. Bd2 Bxc3 13. bxc3 O-O 14. f3 Nbd7
15. h4 h5 16. Ne5 Nxe5 17. dxe5 Qc5 18. Qe2 Qxg1 19. Be3 Qg3+ 20. Bf2 Qf4 21.
exf6 Qxf6 22. O-O-O Rfd8 23. Bd4 Qf4+ 24. Kb1 e5 25. Bg1 hxg4 26. Rxd8+ Rxd8
27. Be3 Qxf3 28. Bg5 Rd1+ 0-1

[Event "CYCC U14"]
[Site "Windsor CAN"]
[Date "2016.07.08"]
[Round "7.27"]
[White "Lehingrat, Callum"]
[Black "Liu, Daniel"]
[Result "0-1"]
[WhiteElo "1688"]
[BlackElo "1938"]
[PlyCount "74"]
[EventDate "2016.07.05"]
[EventType "swiss"]
[EventRounds "7"]
[EventCountry "CAN"]

1. e4 c5 2. Nf3 d6 3. d4 cxd4 4. Nxd4 Nf6 5. Nc3 e6 6. f3 Be7 7. Be3 a6 8. Qd2
Qc7 9. g4 Nc6 10. h4 b5 11. g5 Nh5 12. Nxc6 Qxc6 13. Bf2 Bb7 14. Bh3 e5 15. Nd5
Bc8 16. O-O-O Bxh3 17. Rxh3 a5 18. f4 Bd8 19. f5 O-O 20. Rg1 Qc4 21. Nc3 b4 22.
Qd5 Rc8 23. Qxc4 Rxc4 24. Nb5 Nf4 25. Rhg3 Ne2+ 26. Kd2 Nxg1 27. Rxg1 Rc6 28.
a4 f6 29. c3 Be7 30. Kd3 d5 31. exd5 Rd8 32. c4 e4+ 33. Kxe4 Rxc4+ 34. Bd4 fxg5
35. hxg5 Bc5 36. Kd3 Bxd4 37. Kxc4 Bxg1 0-1

[Event "CYCC U14"]
[Site "Windsor CAN"]
[Date "2016.07.08"]
[Round "7.28"]
[White "Guan, Zi Yu"]
[Black "Wang, Kaixin"]
[Result "1/2-1/2"]
[WhiteElo "1460"]
[BlackElo "1849"]
[PlyCount "41"]
[EventDate "2016.07.05"]
[EventType "swiss"]
[EventRounds "7"]
[EventCountry "CAN"]

1. e4 c5 2. Nf3 d6 3. d4 cxd4 4. Nxd4 Nf6 5. Nc3 a6 6. Be2 e5 7. Nb3 Be7 8. Be3
Be6 9. O-O Nbd7 10. f4 exf4 11. Bxf4 Ne5 12. Qd4 Qc7 13. Rac1 O-O 14. Nd5 Nxd5
15. exd5 Bg4 16. Bxe5 Bxe2 17. Bxg7 Bxf1 18. Bxf8 Bxf8 19. Kxf1 Bg7 20. Qg4 f5
21. Qg3 1/2-1/2

[Event "CYCC U14"]
[Site "Windsor CAN"]
[Date "2016.07.08"]
[Round "7.29"]
[White "Zhang, Zhehai"]
[Black "Atanasov, David"]
[Result "0-1"]
[WhiteElo "1837"]
[BlackElo "1467"]
[PlyCount "88"]
[EventDate "2016.07.05"]
[EventType "swiss"]
[EventRounds "7"]
[EventCountry "CAN"]

1. e4 c5 2. Nf3 d6 3. d4 cxd4 4. Nxd4 Nf6 5. Nc3 a6 6. Be2 e6 7. Be3 Be7 8. O-O
Nbd7 9. Kh1 Qc7 10. a4 Nc5 11. f3 O-O 12. g4 Rd8 13. g5 Nfd7 14. Qe1 Nf8 15.
Rg1 b6 16. Qg3 Bb7 17. h4 Rac8 18. h5 d5 19. e5 Ncd7 20. f4 Nc5 21. g6 fxg6 22.
hxg6 h6 23. Raf1 Ne4 24. Nxe4 dxe4 25. Qh3 Rxd4 26. Bxd4 Qxc2 27. Qe3 Qxa4 28.
Kh2 Rc2 29. Rc1 Rxe2+ 30. Qxe2 Qxd4 31. Rgd1 Qb4 32. Rg1 Bc5 33. Rg3 e3 34. Rc4
Qb5 35. Qc2 Bd5 36. Rc3 Qf1 37. Rg2 Bxg2 38. Qxg2 Qxg2+ 39. Kxg2 Nxg6 40. Kf3
Nh4+ 41. Ke2 Nf5 42. Rd3 Ng3+ 43. Kd1 e2+ 44. Ke1 Bb4+ 0-1

[Event "CYCC U14"]
[Site "Windsor CAN"]
[Date "2016.07.08"]
[Round "7.30"]
[White "De Costa, Alex"]
[Black "Singh, Malhar"]
[Result "1-0"]
[WhiteElo "1786"]
[BlackElo "1592"]
[PlyCount "91"]
[EventDate "2016.07.05"]
[EventType "swiss"]
[EventRounds "7"]
[EventCountry "CAN"]

1. e4 e6 2. d4 d5 3. Nc3 Bb4 4. e5 c5 5. a3 Bxc3+ 6. bxc3 Ne7 7. h4 Nbc6 8. h5
Qc7 9. h6 g6 10. Nf3 Bd7 11. Bg5 O-O-O 12. Bf6 Rhg8 13. Ng5 Rde8 14. Nxh7 Rh8
15. Ng5 Nf5 16. Bxh8 Rxh8 17. Nxf7 Rh7 18. Ng5 Rxh6 19. Rxh6 Nxh6 20. Be2 Nf5
21. Nf3 Qa5 22. Qd2 cxd4 23. cxd4 Qxd2+ 24. Kxd2 Nfxd4 25. Nxd4 Nxd4 26. Bd3 g5
27. Rh1 Nc6 28. Rh5 Nxe5 29. Rxg5 Nc6 30. Bb5 Na5 31. Rg8+ Kc7 32. Rg7 Nc6 33.
Bxc6 bxc6 34. Ke3 e5 35. g4 Kd6 36. g5 a5 37. g6 Bf5 38. c3 c5 39. Rg8 Ke7 40.
g7 d4+ 41. cxd4 exd4+ 42. Kd2 c4 43. Rf8 c3+ 44. Kc1 Bh7 45. g8=Q Bxg8 46. Rxg8
1-0

[Event "CYCC U14"]
[Site "Windsor CAN"]
[Date "2016.07.08"]
[Round "7.31"]
[White "Uthayakumar, Ronan"]
[Black "Hou, Frank"]
[Result "1-0"]
[WhiteElo "1751"]
[BlackElo "1273"]
[PlyCount "99"]
[EventDate "2016.07.05"]
[EventType "swiss"]
[EventRounds "7"]
[EventCountry "CAN"]

1. e4 e5 2. Nf3 Nc6 3. Bb5 a6 4. Ba4 Nf6 5. O-O d6 6. Nc3 Bg4 7. h3 Bh5 8. d3
h6 9. Be3 b5 10. Bb3 Na5 11. Kh1 Bxf3 12. Qxf3 Nxb3 13. axb3 c6 14. Qg3 Nh5 15.
Qf3 Nf6 16. Qe2 d5 17. exd5 b4 18. Ne4 cxd5 19. Nxf6+ Qxf6 20. d4 Be7 21. dxe5
Qxe5 22. Rxa6 O-O 23. Qd3 Rxa6 24. Qxa6 Qxb2 25. Qd3 Rd8 26. Bd4 Qa3 27. Ra1
Bf6 28. Rxa3 bxa3 29. Bxf6 gxf6 30. Qa6 d4 31. Qxa3 d3 32. cxd3 Rxd3 33. Qa8+
Kg7 34. b4 Rb3 35. Qe4 f5 36. Qc2 Ra3 37. Qb2+ f6 38. Qxa3 Kg6 39. b5 f4 40. b6
f3 41. b7 fxg2+ 42. Kxg2 h5 43. b8=R h4 44. Rg8+ Kf5 45. Qf3+ Ke5 46. Re8+ Kd6
47. Qd3+ Kc6 48. Rc8+ Kb6 49. Qb3+ Ka5 50. Ra8# 1-0

[Event "CYCC U14"]
[Site "Windsor CAN"]
[Date "2016.07.08"]
[Round "7.32"]
[White "Gaur, Shivan"]
[Black "Ju, Lawrence"]
[Result "0-1"]
[WhiteElo "1211"]
[BlackElo "1666"]
[PlyCount "80"]
[EventDate "2016.07.05"]
[EventType "swiss"]
[EventRounds "7"]
[EventCountry "CAN"]

1. d4 Nf6 2. c4 g6 3. g3 Bg7 4. Bg2 d6 5. Nf3 O-O 6. Nc3 Nbd7 7. O-O e5 8. e4
exd4 9. Nxd4 Ne5 10. b3 Bg4 11. Qc2 c5 12. Nde2 Nf3+ 13. Kh1 Nd7 14. Bb2 Qg5
15. h3 Qh6 16. Bc1 g5 17. h4 Nxh4 18. gxh4 Qxh4+ 19. Kg1 Bxe2 20. Nxe2 Bxa1 21.
Bb2 Bxb2 22. Qxb2 Ne5 23. f3 g4 24. f4 g3 25. Nxg3 Qxg3 26. fxe5 dxe5 27. Rf3
Qe1+ 28. Kh2 Qh4+ 29. Rh3 Qf4+ 30. Rg3+ Kh8 31. Qc3 Rg8 32. Qf3 Qxg3+ 33. Qxg3
Rxg3 34. Kxg3 Rg8+ 35. Kf3 Rxg2 36. Kxg2 Kg7 37. Kg3 Kg6 38. a3 b6 39. b4 f5
40. Kf3 h5 0-1

[Event "CYCC U14"]
[Site "Windsor CAN"]
[Date "2016.07.08"]
[Round "7.33"]
[White "Mathews, Joshua"]
[Black "Li, Eric M"]
[Result "0-1"]
[WhiteElo "1361"]
[BlackElo "1637"]
[PlyCount "42"]
[EventDate "2016.07.05"]
[EventType "swiss"]
[EventRounds "7"]
[EventCountry "CAN"]

1. e4 c5 2. Nf3 Nc6 3. Bb5 d6 4. Bxc6+ bxc6 5. O-O e5 6. c3 f5 7. Qe2 Be7 8. d4
exd4 9. cxd4 a5 10. Re1 Ba6 11. Qe3 Qd7 12. dxc5 fxe4 13. Qxe4 Nf6 14. Qe3 Nd5
15. Qg5 O-O 16. Qg3 dxc5 17. Bd2 Bd6 18. Ne5 Qf5 19. f3 Rae8 20. Bh6 Bxe5 21.
Qg5 Bd4+ 0-1

[Event "CYCC U14"]
[Site "Windsor CAN"]
[Date "2016.07.08"]
[Round "7.35"]
[White "Zhang, Kevin3"]
[Black "Chertkow, Matthew"]
[Result "0-1"]
[WhiteElo "1205"]
[BlackElo "1325"]
[PlyCount "136"]
[EventDate "2016.07.05"]
[EventType "swiss"]
[EventRounds "7"]
[EventCountry "CAN"]

1. e4 c5 2. Nf3 d6 3. d4 cxd4 4. Nxd4 Nf6 5. Nc3 g6 6. Bc4 Bg7 7. O-O O-O 8.
Bg5 Nc6 9. Nf3 Bd7 10. Re1 Rc8 11. Nd5 Nxd5 12. exd5 Nb4 13. Bxe7 Qb6 14. Bxf8
Rxc4 15. Bxg7 Kxg7 16. c3 Na6 17. Qd3 Rf4 18. Nd4 Qxb2 19. Qg3 Rf6 20. h3 Nc5
21. Rad1 Qxa2 22. Re2 Qa4 23. Rde1 Qc4 24. Rd2 a5 25. Ra1 Ne4 26. Qd3 Qxd5 27.
Re2 Bc6 28. Qe3 Nxc3 29. Nxc6 Nxe2+ 30. Qxe2 bxc6 31. Qb2 a4 32. Ra3 Qb5 33.
Qa1 Qe2 34. Kh2 Qe5+ 35. Qxe5 dxe5 36. Rxa4 Rxf2 37. Kg3 Rc2 38. Kf3 f5 39. g4
Rc3+ 40. Kg2 f4 41. h4 Rg3+ 42. Kf2 Rxg4 43. Rc4 Rxh4 44. Kf3 Kf6 45. Rxc6+ Kf5
46. Rc4 Rh3+ 47. Kf2 Re3 48. Rb4 Re4 49. Rb3 Re3 50. Rb1 h5 51. Rh1 Kg4 52.
Rg1+ Rg3 53. Re1 Kf5 54. Rh1 e4 55. Rc1 e3+ 56. Kf1 f3 57. Rc3 e2+ 58. Kf2 Rg2+
59. Ke1 Rg1+ 60. Kd2 e1=Q+ 61. Kc2 Rg2+ 62. Kb3 Qb1+ 63. Kc4 Rg4+ 64. Kd5 Qb5+
65. Kd6 Rd4+ 66. Ke7 Rd7+ 67. Ke8 Rh7+ 68. Kd8 Qd7# 0-1

[Event "CYCC U14"]
[Site "Windsor CAN"]
[Date "2016.07.08"]
[Round "7.36"]
[White "Cui, Kevin"]
[Black "Fox, Dylan"]
[Result "0-1"]
[WhiteElo "1182"]
[BlackElo "1252"]
[PlyCount "62"]
[EventDate "2016.07.05"]
[EventType "swiss"]
[EventRounds "7"]
[EventCountry "CAN"]

1. e4 c5 2. Nf3 d6 3. d4 cxd4 4. Nxd4 Nf6 5. Nc3 a6 6. Bc4 e6 7. O-O b5 8. Bb3
Be7 9. Be3 e5 10. Nf3 Bb7 11. Nd2 Nbd7 12. Nd5 Nxd5 13. Bxd5 Bxd5 14. exd5 f5
15. Nf3 h6 16. Ne1 Nf6 17. g3 g5 18. f4 gxf4 19. gxf4 Rg8+ 20. Kh1 Ng4 21. Rg1
Kf7 22. Qd2 e4 23. Bd4 Bf6 24. Bxf6 Qxf6 25. h3 Qh4 26. Kg2 Ne3+ 27. Kh2 Rxg1
28. Kxg1 Rg8+ 29. Kh2 Qxf4+ 30. Kh1 Qf1+ 31. Kh2 Qg1# 0-1

[Event "CYCC U14"]
[Site "Windsor CAN"]
[Date "2016.07.08"]
[Round "7.38"]
[White "Li, Yang"]
[Black "Morin, Gabriel"]
[Result "1-0"]
[WhiteElo "1075"]
[BlackElo "795"]
[PlyCount "149"]
[EventDate "2016.07.05"]
[EventType "swiss"]
[EventRounds "7"]
[EventCountry "CAN"]

1. e4 e5 2. Nf3 Bd6 3. Nc3 Nf6 4. a3 c6 5. d4 Qb6 6. dxe5 Ng4 7. Qe2 Bxe5 8.
Nxe5 Nxe5 9. Qe3 Qxe3+ 10. Bxe3 Ng4 11. Bd4 O-O 12. Be2 Nh6 13. O-O d6 14. Be3
Ng4 15. Bxg4 Bxg4 16. f3 Be6 17. Rad1 Rd8 18. Bc5 d5 19. exd5 cxd5 20. Rd2 Na6
21. Bf2 Rd7 22. Rfd1 Rad8 23. Nb5 Nc7 24. Nxc7 Rxc7 25. Bxa7 Rc6 26. c4 Rxc4
27. Bb6 Rd7 28. Rd4 Rc6 29. Ba5 b6 30. Bc3 Rc5 31. Bb4 Rc6 32. f4 g6 33. g3 h5
34. Bc3 Rc8 35. Rb4 Rc6 36. Rb5 f5 37. Bd4 Ra7 38. a4 Bf7 39. a5 Re6 40. Rxb6
Rxb6 41. axb6 Re7 42. Kf2 Be8 43. Ra1 Bc6 44. Rc1 Re4 45. Rxc6 Rxd4 46. b7 Rd2+
47. Kg1 Rd1+ 48. Kg2 Rd2+ 49. Kh3 Rxb2 50. Rc8+ Kf7 51. b8=Q Rxb8 52. Rxb8 Ke6
53. Rd8 Kf6 54. Rxd5 g5 55. fxg5+ Kxg5 56. Kg2 Kg4 57. h3+ Kg5 58. Kf3 Kg6 59.
g4 hxg4+ 60. hxg4 fxg4+ 61. Kxg4 Kf6 62. Kf4 Ke6 63. Ke4 Kf6 64. Re5 Kf7 65.
Kf5 Kg7 66. Re6 Kf7 67. Ke5 Kg7 68. Rf6 Kg8 69. Kf5 Kg7 70. Kg5 Kh7 71. Rg6 Kh8
72. Kf6 Kh7 73. Rg2 Kh8 74. Kf7 Kh7 75. Rh2# 1-0

[Event "CYCC U14"]
[Site "Windsor CAN"]
[Date "2016.07.08"]
[Round "7.39"]
[White "Kuo, Webster"]
[Black "Masse, Wade"]
[Result "0-1"]
[WhiteElo "594"]
[BlackElo "917"]
[PlyCount "62"]
[EventDate "2016.07.05"]
[EventType "swiss"]
[EventRounds "7"]
[EventCountry "CAN"]

1. e4 e5 2. Nf3 Nc6 3. Nc3 Nf6 4. d3 Bc5 5. g3 d6 6. Bg2 O-O 7. O-O Be6 8. Ng5
h6 9. Nxe6 fxe6 10. Qe2 d5 11. Na4 Bd6 12. c4 Nd4 13. Qd2 b6 14. exd5 exd5 15.
Nc3 Bb4 16. cxd5 Ng4 17. h3 Nf6 18. a3 Nb3 19. Qe2 Nxa1 20. axb4 Qe8 21. Be3
Nb3 22. Ne4 Nxe4 23. Bxe4 Nd4 24. Qg4 Rd8 25. Ra1 Nb5 26. Bg6 Qe7 27. f4 exf4
28. Bd2 fxg3 29. Re1 Qf6 30. Rb1 Qf2+ 31. Kh1 Qh2# 0-1

[Event "CYCC U14"]
[Site "Windsor CAN"]
[Date "2016.07.08"]
[Round "7.40"]
[White "Periappuram, Jacob"]
[Black "Jeyakumar, Yathushan"]
[Result "0-1"]
[WhiteElo "635"]
[BlackElo "1261"]
[PlyCount "97"]
[EventDate "2016.07.05"]
[EventType "swiss"]
[EventRounds "7"]
[EventCountry "CAN"]

1. e4 c5 2. Nf3 Nc6 3. Bc4 e6 4. O-O Qc7 5. Nc3 a6 6. d3 b5 7. Bb3 Nf6 8. Be3
Ng4 9. h3 h5 10. g3 Nxe3 11. fxe3 Qxg3+ 12. Kh1 Qxh3+ 13. Kg1 Qg3+ 14. Kh1 h4
15. Ne2 Qg4 16. Nh2 Qh5 17. d4 h3 18. Rf3 Qg6 19. Rg3 Qxe4+ 20. Kg1 Bd6 21.
Rxg7 Qxe3+ 22. Kf1 Bxh2 23. Qe1 Qf3+ 24. Qf2 Qh1+ 25. Ng1 Rf8 26. c4 Bxg1 27.
Rxg1 Qe4 28. dxc5 bxc4 29. Bc2 Qe5 30. Rd1 Qxb2 31. Bf5 Qxf2+ 32. Kxf2 Kd8 33.
Be4 Rb8 34. Rd2 Kc7 35. Rd6 Rb5 36. Rg5 e5 37. Bxc6 dxc6 38. Rxe5 Rb2+ 39. Ke3
h2 40. Re7+ Kb8 41. Rh6 Rb1 42. Rxh2 Re1+ 43. Kd4 Rxe7 44. Kxc4 f5 45. Kb4 f4
46. Ka5 f3 47. Rb2+ Kc7 48. a4 f2 49. Rb6 0-1

[Event "CYCC U14"]
[Site "Windsor CAN"]
[Date "2016.07.08"]
[Round "7.41"]
[White "Eckert, Ethan"]
[Black "Zaid, Shahmeer"]
[Result "1/2-1/2"]
[WhiteElo "997"]
[BlackElo "745"]
[PlyCount "98"]
[EventDate "2016.07.05"]
[EventType "swiss"]
[EventRounds "7"]
[EventCountry "CAN"]

1. e4 e5 2. Nf3 Nc6 3. Nc3 Nf6 4. d4 exd4 5. Nxd4 d6 6. Be3 g6 7. f3 Bg7 8. Qd2
Nxd4 9. Bxd4 O-O 10. O-O-O d5 11. Bxf6 Qxf6 12. Qxd5 c6 13. Qd6 Qe5 14. Qxe5
Bxe5 15. h4 b5 16. g4 Be6 17. Rd3 Rad8 18. Nd1 Rxd3 19. Bxd3 Bf4+ 20. Kb1 Rd8
21. h5 b4 22. hxg6 fxg6 23. b3 Rd7 24. Nb2 Kg7 25. Nc4 Bxc4 26. Bxc4 Rd2 27.
Re1 Bg3 28. Rf1 Bf4 29. Bd3 Bg3 30. f4 Rf2 31. Rxf2 Bxf2 32. f5 Kf6 33. Kc1 Bd4
34. Kd2 gxf5 35. exf5 Kg5 36. Be2 Bf6 37. Kd3 Kf4 38. Bd1 h6 39. Kc4 Be7 40. c3
a5 41. cxb4 axb4 42. f6 Bf8 43. f7 Kg5 44. Bf3 Kf4 45. Bxc6 Kxg4 46. Kd5 Kf5
47. Kc4 Kf6 48. Bd5 h5 49. Kb5 h4 1/2-1/2

[Event "CYCC U14 w"]
[Site "Windsor CAN"]
[Date "2016.07.05"]
[Round "1.44"]
[White "Demchenko, Svitlana"]
[Black "Tao, Ellen"]
[Result "1-0"]
[WhiteElo "2090"]
[BlackElo "1454"]
[PlyCount "41"]
[EventDate "2016.07.05"]
[EventType "swiss"]
[EventRounds "7"]
[EventCountry "CAN"]

1. e4 c5 2. Nf3 Nc6 3. Bb5 Na5 4. Nc3 a6 5. Be2 e6 6. d4 Nf6 7. e5 Ng8 8. dxc5
Bxc5 9. Ne4 Qb6 10. Nxc5 Qxc5 11. O-O Ne7 12. Be3 Qc7 13. Re1 O-O 14. Bd3 b5
15. b4 Nac6 16. Bc5 Re8 17. Ng5 h6 18. Qh5 Nd8 19. Ne4 Nb7 20. Nd6 Nxc5 21.
Qxf7+ 1-0

[Event "CYCC U14 w"]
[Site "Windsor CAN"]
[Date "2016.07.05"]
[Round "1.45"]
[White "Mah, Sydney"]
[Black "Ouellet, Maili-Jade"]
[Result "0-1"]
[WhiteElo "1446"]
[BlackElo "2068"]
[PlyCount "52"]
[EventDate "2016.07.05"]
[EventType "swiss"]
[EventRounds "7"]
[EventCountry "CAN"]

1. e4 c5 2. Nf3 e6 3. Nc3 d6 4. Bc4 a6 5. d3 b5 6. Bb3 Bb7 7. a3 Nd7 8. Qe2
Ngf6 9. Bf4 Be7 10. O-O-O Qb6 11. Rhe1 a5 12. a4 Bc6 13. d4 b4 14. Nb5 Bxb5 15.
axb5 a4 16. Bc4 cxd4 17. Nxd4 e5 18. Bd5 Rc8 19. Be3 exd4 20. Bxd4 Qc7 21. Bc6
O-O 22. e5 dxe5 23. Bxe5 Nxe5 24. Qxe5 Qxe5 25. Rxe5 Bd8 26. Rd6 Bc7 0-1